00363nam a2200133Ia 4500008004100000040001900041041001200060082002200072245006300094260002600157300002400183650000800207850001400215131103s9999 xx 000 0 und d aLoreto College aEnglish aREF/LbLCBED/8114 aCount only the sunny hourscEdited by Maryiane Hooper Tonn aU.S.A.bIdealsc[19?] a36p.b ill.c 23cm. aREF aLCBED/REF